<?xml version="1.0" encoding="UTF-8"?>
<record
    xmlns:xsi="http://www.w3.org/2001/XMLSchema-instance"
    xsi:schemaLocation="http://www.loc.gov/MARC21/slim http://www.loc.gov/standards/marcxml/schema/MARC21slim.xsd"
    xmlns="http://www.loc.gov/MARC21/slim">

  <leader>00722nas a22002177i 4500</leader>
  <controlfield tag="005">20210308162310.0</controlfield>
  <controlfield tag="008">210303s2019    my a|||| |||| 00| 0 may d</controlfield>
  <datafield tag="020" ind1=" " ind2=" ">
    <subfield code="q">paperback</subfield>
  </datafield>
  <datafield tag="022" ind1=" " ind2=" ">
    <subfield code="a">26370158</subfield>
  </datafield>
  <datafield tag="040" ind1=" " ind2=" ">
    <subfield code="a">PPAK</subfield>
    <subfield code="b">eng</subfield>
    <subfield code="c">PPAk</subfield>
    <subfield code="e">rda</subfield>
  </datafield>
  <datafield tag="082" ind1="0" ind2="4">
    <subfield code="2">23</subfield>
    <subfield code="a">339.52209595</subfield>
  </datafield>
  <datafield tag="090" ind1="0" ind2="0">
    <subfield code="a">339.52209595</subfield>
    <subfield code="b">MAL</subfield>
    <subfield code="d">R</subfield>
  </datafield>
  <datafield tag="110" ind1="1" ind2=" ">
    <subfield code="a">Malaysia.</subfield>
    <subfield code="b">Kementerian Kewangan,</subfield>
    <subfield code="e">issuing body.</subfield>
  </datafield>
  <datafield tag="245" ind1="1" ind2="0">
    <subfield code="a">TINJAUAN EKONOMI 2020 </subfield>
  </datafield>
  <datafield tag="250" ind1=" " ind2=" ">
    <subfield code="a">Edisi 2020</subfield>
  </datafield>
  <datafield tag="264" ind1=" " ind2="1">
    <subfield code="a">Putrajaya :</subfield>
    <subfield code="b">Kementerian Kewangan Malaysia. Bahagian Fiskal dan Ekonomi,  </subfield>
    <subfield code="c">2019</subfield>
  </datafield>
  <datafield tag="300" ind1=" " ind2=" ">
    <subfield code="a">xix, 170 pages : </subfield>
    <subfield code="b">colour charts ; </subfield>
    <subfield code="c">28 cm +</subfield>
    <subfield code="e">1 computer optical disc</subfield>
  </datafield>
  <datafield tag="650" ind1="1" ind2="0">
    <subfield code="a">Budget </subfield>
    <subfield code="z">Malaysia</subfield>
  </datafield>
  <datafield tag="650" ind1="2" ind2="0">
    <subfield code="a">Government spending policy </subfield>
    <subfield code="z">Malaysia</subfield>
  </datafield>
  <datafield tag="942" ind1=" " ind2=" ">
    <subfield code="2">ddc</subfield>
    <subfield code="c">SR</subfield>
  </datafield>
  <datafield tag="999" ind1=" " ind2=" ">
    <subfield code="c">182431</subfield>
    <subfield code="d">182431</subfield>
  </datafield>
  <datafield tag="952" ind1=" " ind2=" ">
    <subfield code="0">0</subfield>
    <subfield code="1">0</subfield>
    <subfield code="2">ddc</subfield>
    <subfield code="4">0</subfield>
    <subfield code="7">1</subfield>
    <subfield code="8">RFID</subfield>
    <subfield code="a">PPAK</subfield>
    <subfield code="b">PPAK</subfield>
    <subfield code="c">R</subfield>
    <subfield code="d">2021-03-16</subfield>
    <subfield code="e">HKKM</subfield>
    <subfield code="g">0.00</subfield>
    <subfield code="h">2020</subfield>
    <subfield code="o">R 339.52209595 MAL</subfield>
    <subfield code="p">A00741912</subfield>
    <subfield code="r">2021-03-16 00:00:00</subfield>
    <subfield code="t">H044912</subfield>
    <subfield code="v">10.00</subfield>
    <subfield code="w">2021-03-16</subfield>
    <subfield code="y">SR</subfield>
  </datafield>
  <datafield tag="952" ind1=" " ind2=" ">
    <subfield code="0">0</subfield>
    <subfield code="1">0</subfield>
    <subfield code="2">ddc</subfield>
    <subfield code="4">0</subfield>
    <subfield code="7">1</subfield>
    <subfield code="a">SP</subfield>
    <subfield code="b">SP</subfield>
    <subfield code="c">R</subfield>
    <subfield code="d">2021-03-16</subfield>
    <subfield code="e">HKKM</subfield>
    <subfield code="g">0.00</subfield>
    <subfield code="h">2020</subfield>
    <subfield code="o">R 339.52209595 MAL</subfield>
    <subfield code="p">A00741913</subfield>
    <subfield code="r">2021-03-16 00:00:00</subfield>
    <subfield code="t">H044913</subfield>
    <subfield code="v">10.00</subfield>
    <subfield code="w">2021-03-16</subfield>
    <subfield code="y">SR</subfield>
  </datafield>
  <datafield tag="952" ind1=" " ind2=" ">
    <subfield code="0">0</subfield>
    <subfield code="1">0</subfield>
    <subfield code="2">ddc</subfield>
    <subfield code="4">0</subfield>
    <subfield code="7">1</subfield>
    <subfield code="a">JT</subfield>
    <subfield code="b">JT</subfield>
    <subfield code="c">R</subfield>
    <subfield code="d">2021-03-16</subfield>
    <subfield code="e">HKKM</subfield>
    <subfield code="g">0.00</subfield>
    <subfield code="h">2020</subfield>
    <subfield code="o">R 339.52209595 MAL</subfield>
    <subfield code="p">A00741914</subfield>
    <subfield code="r">2021-03-16 00:00:00</subfield>
    <subfield code="t">H044914</subfield>
    <subfield code="v">10.00</subfield>
    <subfield code="w">2021-03-16</subfield>
    <subfield code="y">SR</subfield>
  </datafield>
</record>
